Disney Ultimate Song Challenge - Statistics

General Stats
  • This quiz has been taken 1,083 times
  • The average score is 10 of 15
Answer Stats
Hint Answer % Correct
I just can't wait to be king Lion king
97%
Love is an open door Frozen
94%
Poor unfortunate souls Little mermaid
86%
Honour to us all Mulan
86%
Almost there Princess and the frog
84%
I've got a dream Tangled
81%
Something there Beauty and the beast
80%
Savages Pocahontas
71%
Bella notte Lady and the tramp
65%
Strangers Like Me Tarzan
62%
One last hope Hercules
53%
Scales and arpeggios Aristocats
52%
Out there Hunchback of Notre Dame
51%
I wonder Sleeping beauty
43%
I'm still here Treasure planet
16%
No matching quizzes found
Score Distribution
Percent of People with Each Score
Percentile by Number Answered
Your Score History
You have not taken this quiz